<?xml version="1.0" encoding="UTF-8"?>
<marc:record xmlns:marc="http://www.loc.gov/MARC21/slim" type="Bibliographic">
   <marc:leader>00000pam a2200000 c 4500</marc:leader>
   <marc:controlfield tag="001">1017773807</marc:controlfield>
   <marc:controlfield tag="003">DE-101</marc:controlfield>
   <marc:controlfield tag="005">20190410003208.0</marc:controlfield>
   <marc:controlfield tag="007">tu</marc:controlfield>
   <marc:controlfield tag="008">111206s2012    gw ||||| |||| 00||||ger  </marc:controlfield>
   <marc:datafield ind1=" " ind2=" " tag="015">
      <marc:subfield code="a">12,A27</marc:subfield>
      <marc:subfield code="z">11,N51</marc:subfield>
      <marc:subfield code="2">dnb</marc:subfield>
   </marc:datafield>
   <marc:datafield ind1="7" ind2=" " tag="016">
      <marc:subfield code="2">DE-101</marc:subfield>
      <marc:subfield code="a">1017773807</marc:subfield>
   </marc:datafield>
   <marc:datafield ind1=" " ind2=" " tag="020">
      <marc:subfield code="a">9783593396064</marc:subfield>
      <marc:subfield code="c">kart. : EUR 29.90 (DE), EUR 30.80 (AT), sfr 41.90 (freier Pr.)</marc:subfield>
      <marc:subfield code="9">978-3-593-39606-4</marc:subfield>
   </marc:datafield>
   <marc:datafield ind1=" " ind2=" " tag="020">
      <marc:subfield code="z">3593396068</marc:subfield>
      <marc:subfield code="9">3-593-39606-8</marc:subfield>
   </marc:datafield>
   <marc:datafield ind1="3" ind2=" " tag="024">
      <marc:subfield code="a">9783593396064</marc:subfield>
   </marc:datafield>
   <marc:datafield ind1=" " ind2=" " tag="035">
      <marc:subfield code="a">(DE-599)DNB1017773807</marc:subfield>
   </marc:datafield>
   <marc:datafield ind1=" " ind2=" " tag="040">
      <marc:subfield code="a">1245</marc:subfield>
      <marc:subfield code="b">ger</marc:subfield>
      <marc:subfield code="c">DE-101</marc:subfield>
      <marc:subfield code="d">9999</marc:subfield>
   </marc:datafield>
   <marc:datafield ind1=" " ind2=" " tag="041">
      <marc:subfield code="a">ger</marc:subfield>
   </marc:datafield>
   <marc:datafield ind1=" " ind2=" " tag="044">
      <marc:subfield code="c">XA-DE-HE</marc:subfield>
      <marc:subfield code="c">XD-US</marc:subfield>
   </marc:datafield>
   <marc:datafield ind1="0" ind2="4" tag="082">
      <marc:subfield code="8">1\u</marc:subfield>
      <marc:subfield code="a">306.3</marc:subfield>
      <marc:subfield code="q">DE-101</marc:subfield>
      <marc:subfield code="2">22/ger</marc:subfield>
   </marc:datafield>
   <marc:datafield ind1="7" ind2=" " tag="083">
      <marc:subfield code="a">300</marc:subfield>
      <marc:subfield code="a">330</marc:subfield>
      <marc:subfield code="q">DE-101</marc:subfield>
      <marc:subfield code="2">22sdnb</marc:subfield>
   </marc:datafield>
   <marc:datafield ind1=" " ind2=" " tag="085">
      <marc:subfield code="8">1\u</marc:subfield>
      <marc:subfield code="b">306.3</marc:subfield>
   </marc:datafield>
   <marc:datafield ind1=" " ind2=" " tag="090">
      <marc:subfield code="a">b</marc:subfield>
   </marc:datafield>
   <marc:datafield ind1="0" ind2="0" tag="245">
      <marc:subfield code="a">Entfesselte Finanzmärkte</marc:subfield>
      <marc:subfield code="b">soziologische Analysen des modernen Kapitalismus</marc:subfield>
      <marc:subfield code="c">Klaus Kraemer ; Sebastian Nessel (Hg.)</marc:subfield>
   </marc:datafield>
   <marc:datafield ind1=" " ind2="1" tag="264">
      <marc:subfield code="a">Frankfurt, M.</marc:subfield>
      <marc:subfield code="a">New York, NY</marc:subfield>
      <marc:subfield code="b">Campus-Verl.</marc:subfield>
      <marc:subfield code="c">2012</marc:subfield>
   </marc:datafield>
   <marc:datafield ind1=" " ind2=" " tag="300">
      <marc:subfield code="a">405 S.</marc:subfield>
      <marc:subfield code="c">22 cm</marc:subfield>
   </marc:datafield>
   <marc:datafield ind1=" " ind2=" " tag="336">
      <marc:subfield code="a">Text</marc:subfield>
      <marc:subfield code="b">txt</marc:subfield>
      <marc:subfield code="2">rdacontent</marc:subfield>
   </marc:datafield>
   <marc:datafield ind1=" " ind2=" " tag="337">
      <marc:subfield code="a">ohne Hilfsmittel zu benutzen</marc:subfield>
      <marc:subfield code="b">n</marc:subfield>
      <marc:subfield code="2">rdamedia</marc:subfield>
   </marc:datafield>
   <marc:datafield ind1=" " ind2=" " tag="338">
      <marc:subfield code="a">Band</marc:subfield>
      <marc:subfield code="b">nc</marc:subfield>
      <marc:subfield code="2">rdacarrier</marc:subfield>
   </marc:datafield>
   <marc:datafield ind1=" " ind2="7" tag="650">
      <marc:subfield code="0">(DE-588)4073788-3</marc:subfield>
      <marc:subfield code="0">http://d-nb.info/gnd/4073788-3</marc:subfield>
      <marc:subfield code="0">(DE-101)040737888</marc:subfield>
      <marc:subfield code="a">Kreditmarkt</marc:subfield>
      <marc:subfield code="2">gnd</marc:subfield>
   </marc:datafield>
   <marc:datafield ind1=" " ind2="7" tag="650">
      <marc:subfield code="0">(DE-588)4066514-8</marc:subfield>
      <marc:subfield code="0">http://d-nb.info/gnd/4066514-8</marc:subfield>
      <marc:subfield code="0">(DE-101)040665143</marc:subfield>
      <marc:subfield code="a">Wirtschaftssoziologie</marc:subfield>
      <marc:subfield code="2">gnd</marc:subfield>
   </marc:datafield>
   <marc:datafield ind1=" " ind2=" " tag="653">
      <marc:subfield code="a">(Produktform)Paperback / softback</marc:subfield>
   </marc:datafield>
   <marc:datafield ind1=" " ind2=" " tag="653">
      <marc:subfield code="a">(Keywords)Finanzmarkt</marc:subfield>
   </marc:datafield>
   <marc:datafield ind1=" " ind2=" " tag="653">
      <marc:subfield code="a">(Keywords)Finanzmärkte</marc:subfield>
   </marc:datafield>
   <marc:datafield ind1=" " ind2=" " tag="653">
      <marc:subfield code="a">(Keywords)Wirtschaftssoziologie</marc:subfield>
   </marc:datafield>
   <marc:datafield ind1=" " ind2=" " tag="653">
      <marc:subfield code="a">(Keywords)Finanzkrise</marc:subfield>
   </marc:datafield>
   <marc:datafield ind1=" " ind2=" " tag="653">
      <marc:subfield code="a">(Keywords)Kapitalismus</marc:subfield>
   </marc:datafield>
   <marc:datafield ind1=" " ind2=" " tag="653">
      <marc:subfield code="a">(Keywords)Finanzmarktkapitalismus</marc:subfield>
   </marc:datafield>
   <marc:datafield ind1=" " ind2=" " tag="653">
      <marc:subfield code="a">(Keywords)Realwirtschaft</marc:subfield>
   </marc:datafield>
   <marc:datafield ind1=" " ind2=" " tag="653">
      <marc:subfield code="a">(VLB-WN)1724: Hardcover, Softcover / Soziologie/Arbeitssoziologie, Wirtschaftssoziologie, Industriesoziologie</marc:subfield>
   </marc:datafield>
   <marc:datafield ind1=" " ind2=" " tag="653">
      <marc:subfield code="a">9724: Realwirtschaft</marc:subfield>
   </marc:datafield>
   <marc:datafield ind1=" " ind2=" " tag="653">
      <marc:subfield code="a">(Publisher’s own category code)9724: Soziologie E-Book</marc:subfield>
   </marc:datafield>
   <marc:datafield ind1=" " ind2=" " tag="653">
      <marc:subfield code="a">9724: Finanzmarkt</marc:subfield>
   </marc:datafield>
   <marc:datafield ind1=" " ind2=" " tag="653">
      <marc:subfield code="a">9724: Kapitalismus</marc:subfield>
   </marc:datafield>
   <marc:datafield ind1=" " ind2=" " tag="653">
      <marc:subfield code="a">9724: Finanzmarktkapitalismus</marc:subfield>
   </marc:datafield>
   <marc:datafield ind1=" " ind2=" " tag="653">
      <marc:subfield code="a">9724: Finanzmärkte</marc:subfield>
   </marc:datafield>
   <marc:datafield ind1=" " ind2=" " tag="653">
      <marc:subfield code="a">9724: Programm</marc:subfield>
   </marc:datafield>
   <marc:datafield ind1=" " ind2=" " tag="653">
      <marc:subfield code="a">9724: Wirtschaftssoziologie</marc:subfield>
   </marc:datafield>
   <marc:datafield ind1=" " ind2=" " tag="653">
      <marc:subfield code="a">9724: Finanzkrise</marc:subfield>
   </marc:datafield>
   <marc:datafield ind1=" " ind2="7" tag="655">
      <marc:subfield code="0">(DE-588)4143413-4</marc:subfield>
      <marc:subfield code="0">http://d-nb.info/gnd/4143413-4</marc:subfield>
      <marc:subfield code="0">(DE-101)041434137</marc:subfield>
      <marc:subfield code="a">Aufsatzsammlung</marc:subfield>
      <marc:subfield code="2">gnd-content</marc:subfield>
   </marc:datafield>
   <marc:datafield ind1=" " ind2="7" tag="655">
      <marc:subfield code="a">Aufsatzsammlung</marc:subfield>
      <marc:subfield code="2">gnd</marc:subfield>
   </marc:datafield>
   <marc:datafield ind1="0" ind2="0" tag="689">
      <marc:subfield code="0">(DE-588)4073788-3</marc:subfield>
      <marc:subfield code="0">http://d-nb.info/gnd/4073788-3</marc:subfield>
      <marc:subfield code="0">(DE-101)040737888</marc:subfield>
      <marc:subfield code="D">s</marc:subfield>
      <marc:subfield code="a">Kreditmarkt</marc:subfield>
   </marc:datafield>
   <marc:datafield ind1="0" ind2="1" tag="689">
      <marc:subfield code="0">(DE-588)4066514-8</marc:subfield>
      <marc:subfield code="0">http://d-nb.info/gnd/4066514-8</marc:subfield>
      <marc:subfield code="0">(DE-101)040665143</marc:subfield>
      <marc:subfield code="D">s</marc:subfield>
      <marc:subfield code="a">Wirtschaftssoziologie</marc:subfield>
   </marc:datafield>
   <marc:datafield ind1="0" ind2="2" tag="689">
      <marc:subfield code="A">f</marc:subfield>
      <marc:subfield code="a">Aufsatzsammlung</marc:subfield>
   </marc:datafield>
   <marc:datafield ind1="0" ind2=" " tag="689">
      <marc:subfield code="5">DE-101</marc:subfield>
      <marc:subfield code="5">DE-101</marc:subfield>
   </marc:datafield>
   <marc:datafield ind1="1" ind2=" " tag="700">
      <marc:subfield code="0">(DE-588)1023627450</marc:subfield>
      <marc:subfield code="0">http://d-nb.info/gnd/1023627450</marc:subfield>
      <marc:subfield code="0">(DE-101)1023627450</marc:subfield>
      <marc:subfield code="a">Krämer, Klaus</marc:subfield>
      <marc:subfield code="e">Herausgeber</marc:subfield>
      <marc:subfield code="4">edt</marc:subfield>
   </marc:datafield>
   <marc:datafield ind1="1" ind2=" " tag="700">
      <marc:subfield code="0">(DE-588)1023828308</marc:subfield>
      <marc:subfield code="0">http://d-nb.info/gnd/1023828308</marc:subfield>
      <marc:subfield code="0">(DE-101)1023828308</marc:subfield>
      <marc:subfield code="a">Besedovski, Natalia</marc:subfield>
      <marc:subfield code="e">Mitwirkender</marc:subfield>
      <marc:subfield code="4">ctb</marc:subfield>
   </marc:datafield>
   <marc:datafield ind1="1" ind2=" " tag="700">
      <marc:subfield code="0">(DE-588)105563552</marc:subfield>
      <marc:subfield code="0">http://d-nb.info/gnd/105563552</marc:subfield>
      <marc:subfield code="0">(DE-101)105563552</marc:subfield>
      <marc:subfield code="a">Beyer, Jürgen</marc:subfield>
      <marc:subfield code="e">Mitwirkender</marc:subfield>
      <marc:subfield code="4">ctb</marc:subfield>
   </marc:datafield>
   <marc:datafield ind1="1" ind2=" " tag="700">
      <marc:subfield code="0">(DE-588)106665405</marc:subfield>
      <marc:subfield code="0">http://d-nb.info/gnd/106665405</marc:subfield>
      <marc:subfield code="0">(DE-101)106665405</marc:subfield>
      <marc:subfield code="a">Dörre, Klaus</marc:subfield>
      <marc:subfield code="e">Mitwirkender</marc:subfield>
      <marc:subfield code="4">ctb</marc:subfield>
   </marc:datafield>
   <marc:datafield ind1="1" ind2=" " tag="700">
      <marc:subfield code="0">(DE-588)156529262</marc:subfield>
      <marc:subfield code="0">http://d-nb.info/gnd/156529262</marc:subfield>
      <marc:subfield code="0">(DE-101)156529262</marc:subfield>
      <marc:subfield code="a">Frerichs, Sabine</marc:subfield>
      <marc:subfield code="e">Mitwirkender</marc:subfield>
      <marc:subfield code="4">ctb</marc:subfield>
   </marc:datafield>
   <marc:datafield ind1="1" ind2=" " tag="700">
      <marc:subfield code="0">(DE-588)1021639494</marc:subfield>
      <marc:subfield code="0">http://d-nb.info/gnd/1021639494</marc:subfield>
      <marc:subfield code="0">(DE-101)1021639494</marc:subfield>
      <marc:subfield code="a">Ganßmann, Heiner</marc:subfield>
      <marc:subfield code="e">Mitwirkender</marc:subfield>
      <marc:subfield code="4">ctb</marc:subfield>
   </marc:datafield>
   <marc:datafield ind1="1" ind2=" " tag="700">
      <marc:subfield code="0">(DE-588)1023828316</marc:subfield>
      <marc:subfield code="0">http://d-nb.info/gnd/1023828316</marc:subfield>
      <marc:subfield code="0">(DE-101)1023828316</marc:subfield>
      <marc:subfield code="a">Heiberger, Raphael H.</marc:subfield>
      <marc:subfield code="e">Mitwirkender</marc:subfield>
      <marc:subfield code="4">ctb</marc:subfield>
   </marc:datafield>
   <marc:datafield ind1="1" ind2=" " tag="700">
      <marc:subfield code="0">(DE-588)185830935</marc:subfield>
      <marc:subfield code="0">http://d-nb.info/gnd/185830935</marc:subfield>
      <marc:subfield code="0">(DE-101)185830935</marc:subfield>
      <marc:subfield code="a">Hirsch-Kreinsen, Hartmut</marc:subfield>
      <marc:subfield code="e">Mitwirkender</marc:subfield>
      <marc:subfield code="4">ctb</marc:subfield>
   </marc:datafield>
   <marc:datafield ind1="1" ind2=" " tag="700">
      <marc:subfield code="0">(DE-588)1023828324</marc:subfield>
      <marc:subfield code="0">http://d-nb.info/gnd/1023828324</marc:subfield>
      <marc:subfield code="0">(DE-101)1023828324</marc:subfield>
      <marc:subfield code="a">Hofstätter, Lukas</marc:subfield>
      <marc:subfield code="e">Mitwirkender</marc:subfield>
      <marc:subfield code="4">ctb</marc:subfield>
   </marc:datafield>
   <marc:datafield ind1="1" ind2=" " tag="700">
      <marc:subfield code="0">(DE-588)1023828332</marc:subfield>
      <marc:subfield code="0">http://d-nb.info/gnd/1023828332</marc:subfield>
      <marc:subfield code="0">(DE-101)1023828332</marc:subfield>
      <marc:subfield code="a">Korom, Philipp</marc:subfield>
      <marc:subfield code="e">Mitwirkender</marc:subfield>
      <marc:subfield code="4">ctb</marc:subfield>
   </marc:datafield>
   <marc:datafield ind1="1" ind2=" " tag="700">
      <marc:subfield code="0">(DE-588)1022305735</marc:subfield>
      <marc:subfield code="0">http://d-nb.info/gnd/1022305735</marc:subfield>
      <marc:subfield code="0">(DE-101)1022305735</marc:subfield>
      <marc:subfield code="a">Langenohl, Andreas</marc:subfield>
      <marc:subfield code="e">Mitwirkender</marc:subfield>
      <marc:subfield code="4">ctb</marc:subfield>
   </marc:datafield>
   <marc:datafield ind1="1" ind2=" " tag="700">
      <marc:subfield code="0">(DE-588)103901981</marc:subfield>
      <marc:subfield code="0">http://d-nb.info/gnd/103901981</marc:subfield>
      <marc:subfield code="0">(DE-101)103901981</marc:subfield>
      <marc:subfield code="a">Laube, Stefan</marc:subfield>
      <marc:subfield code="e">Mitwirkender</marc:subfield>
      <marc:subfield code="4">ctb</marc:subfield>
   </marc:datafield>
   <marc:datafield ind1="1" ind2=" " tag="700">
      <marc:subfield code="0">(DE-588)1023828340</marc:subfield>
      <marc:subfield code="0">http://d-nb.info/gnd/1023828340</marc:subfield>
      <marc:subfield code="0">(DE-101)1023828340</marc:subfield>
      <marc:subfield code="a">Lind-Brauchert, Susanne</marc:subfield>
      <marc:subfield code="e">Mitwirkender</marc:subfield>
      <marc:subfield code="4">ctb</marc:subfield>
   </marc:datafield>
   <marc:datafield ind1="1" ind2=" " tag="700">
      <marc:subfield code="0">(DE-588)1023828359</marc:subfield>
      <marc:subfield code="0">http://d-nb.info/gnd/1023828359</marc:subfield>
      <marc:subfield code="0">(DE-101)1023828359</marc:subfield>
      <marc:subfield code="a">von Lüde, Rolf</marc:subfield>
      <marc:subfield code="e">Mitwirkender</marc:subfield>
      <marc:subfield code="4">ctb</marc:subfield>
   </marc:datafield>
   <marc:datafield ind1="1" ind2=" " tag="700">
      <marc:subfield code="0">(DE-588)14099971X</marc:subfield>
      <marc:subfield code="0">http://d-nb.info/gnd/14099971X</marc:subfield>
      <marc:subfield code="0">(DE-101)14099971X</marc:subfield>
      <marc:subfield code="a">Münch, Richard</marc:subfield>
      <marc:subfield code="e">Mitwirkender</marc:subfield>
      <marc:subfield code="4">ctb</marc:subfield>
   </marc:datafield>
   <marc:datafield ind1="1" ind2=" " tag="700">
      <marc:subfield code="0">(DE-588)120949989</marc:subfield>
      <marc:subfield code="0">http://d-nb.info/gnd/120949989</marc:subfield>
      <marc:subfield code="0">(DE-101)120949989</marc:subfield>
      <marc:subfield code="a">Neckel, Sighard</marc:subfield>
      <marc:subfield code="d">1956-</marc:subfield>
      <marc:subfield code="e">Mitwirkender</marc:subfield>
      <marc:subfield code="4">ctb</marc:subfield>
   </marc:datafield>
   <marc:datafield ind1="1" ind2=" " tag="700">
      <marc:subfield code="0">(DE-588)174547854</marc:subfield>
      <marc:subfield code="0">http://d-nb.info/gnd/174547854</marc:subfield>
      <marc:subfield code="0">(DE-101)174547854</marc:subfield>
      <marc:subfield code="a">Prisching, Manfred</marc:subfield>
      <marc:subfield code="e">Mitwirkender</marc:subfield>
      <marc:subfield code="4">ctb</marc:subfield>
   </marc:datafield>
   <marc:datafield ind1="1" ind2=" " tag="700">
      <marc:subfield code="0">(DE-588)1023828367</marc:subfield>
      <marc:subfield code="0">http://d-nb.info/gnd/1023828367</marc:subfield>
      <marc:subfield code="0">(DE-101)1023828367</marc:subfield>
      <marc:subfield code="a">Sattlegger, Lukas</marc:subfield>
      <marc:subfield code="e">Mitwirkender</marc:subfield>
      <marc:subfield code="4">ctb</marc:subfield>
   </marc:datafield>
   <marc:datafield ind1="1" ind2=" " tag="700">
      <marc:subfield code="0">(DE-588)1023828375</marc:subfield>
      <marc:subfield code="0">http://d-nb.info/gnd/1023828375</marc:subfield>
      <marc:subfield code="0">(DE-101)1023828375</marc:subfield>
      <marc:subfield code="a">von Scheve, Christian</marc:subfield>
      <marc:subfield code="e">Mitwirkender</marc:subfield>
      <marc:subfield code="4">ctb</marc:subfield>
   </marc:datafield>
   <marc:datafield ind1="1" ind2=" " tag="700">
      <marc:subfield code="0">(DE-588)124380158</marc:subfield>
      <marc:subfield code="0">http://d-nb.info/gnd/124380158</marc:subfield>
      <marc:subfield code="0">(DE-101)124380158</marc:subfield>
      <marc:subfield code="a">Schimank, Uwe</marc:subfield>
      <marc:subfield code="d">1955-</marc:subfield>
      <marc:subfield code="e">Mitwirkender</marc:subfield>
      <marc:subfield code="4">ctb</marc:subfield>
   </marc:datafield>
   <marc:datafield ind1="1" ind2=" " tag="700">
      <marc:subfield code="0">(DE-588)186180071</marc:subfield>
      <marc:subfield code="0">http://d-nb.info/gnd/186180071</marc:subfield>
      <marc:subfield code="0">(DE-101)186180071</marc:subfield>
      <marc:subfield code="a">Stäheli, Urs</marc:subfield>
      <marc:subfield code="e">Mitwirkender</marc:subfield>
      <marc:subfield code="4">ctb</marc:subfield>
   </marc:datafield>
   <marc:datafield ind1="1" ind2=" " tag="700">
      <marc:subfield code="0">(DE-588)115625992</marc:subfield>
      <marc:subfield code="0">http://d-nb.info/gnd/115625992</marc:subfield>
      <marc:subfield code="0">(DE-101)115625992</marc:subfield>
      <marc:subfield code="a">Vobruba, Georg</marc:subfield>
      <marc:subfield code="d">1948-</marc:subfield>
      <marc:subfield code="e">Mitwirkender</marc:subfield>
      <marc:subfield code="4">ctb</marc:subfield>
   </marc:datafield>
   <marc:datafield ind1="1" ind2=" " tag="700">
      <marc:subfield code="0">(DE-588)186247141</marc:subfield>
      <marc:subfield code="0">http://d-nb.info/gnd/186247141</marc:subfield>
      <marc:subfield code="0">(DE-101)186247141</marc:subfield>
      <marc:subfield code="a">Wetzel, Dietmar J.</marc:subfield>
      <marc:subfield code="e">Mitwirkender</marc:subfield>
      <marc:subfield code="4">ctb</marc:subfield>
   </marc:datafield>
   <marc:datafield ind1="1" ind2=" " tag="700">
      <marc:subfield code="0">(DE-588)1017887578</marc:subfield>
      <marc:subfield code="0">http://d-nb.info/gnd/1017887578</marc:subfield>
      <marc:subfield code="0">(DE-101)1017887578</marc:subfield>
      <marc:subfield code="a">Young, Brigitte</marc:subfield>
      <marc:subfield code="e">Mitwirkender</marc:subfield>
      <marc:subfield code="4">ctb</marc:subfield>
   </marc:datafield>
   <marc:datafield ind1="1" ind2=" " tag="700">
      <marc:subfield code="0">(DE-588)1023828383</marc:subfield>
      <marc:subfield code="0">http://d-nb.info/gnd/1023828383</marc:subfield>
      <marc:subfield code="0">(DE-101)1023828383</marc:subfield>
      <marc:subfield code="a">Nessel, Sebastian</marc:subfield>
      <marc:subfield code="e">Herausgeber</marc:subfield>
      <marc:subfield code="4">edt</marc:subfield>
   </marc:datafield>
   <marc:datafield ind1="0" ind2="8" tag="776">
      <marc:subfield code="i">Online-Ausg.</marc:subfield>
      <marc:subfield code="t">Entfesselte Finanzmärkte</marc:subfield>
      <marc:subfield code="d">Frankfurt am Main : Campus Verlag, 2012</marc:subfield>
      <marc:subfield code="h">Online-Ressource, 8 Abbildungen</marc:subfield>
      <marc:subfield code="w">(DE-101)1023599155</marc:subfield>
      <marc:subfield code="b">1. Aufl.</marc:subfield>
   </marc:datafield>
   <marc:datafield ind1=" " ind2=" " tag="850">
      <marc:subfield code="a">DE-101a</marc:subfield>
      <marc:subfield code="a">DE-101b</marc:subfield>
   </marc:datafield>
   <marc:datafield ind1="4" ind2="2" tag="856">
      <marc:subfield code="m">B:DE-101</marc:subfield>
      <marc:subfield code="q">application/pdf</marc:subfield>
      <marc:subfield code="u">http://d-nb.info/1017773807/04</marc:subfield>
      <marc:subfield code="3">Inhaltsverzeichnis</marc:subfield>
   </marc:datafield>
   <marc:datafield ind1="4" ind2="2" tag="856">
      <marc:subfield code="m">X:MVB</marc:subfield>
      <marc:subfield code="q">text/html</marc:subfield>
      <marc:subfield code="u">http://deposit.dnb.de/cgi-bin/dokserv?id=3932413&amp;prov=M&amp;dok_var=1&amp;dok_ext=htm</marc:subfield>
      <marc:subfield code="3">Inhaltstext</marc:subfield>
   </marc:datafield>
   <marc:datafield ind1="r" ind2=" " tag="925">
      <marc:subfield code="a">ra</marc:subfield>
   </marc:datafield>
</marc:record>
